| 000 | 00769nam a2200205Ia 4500 | ||
|---|---|---|---|
| 001 | 50247 | ||
| 003 | OSt | ||
| 005 | 20150622123756.0 | ||
| 008 | 140502s9999 xx 000 0 und d | ||
| 020 | _a969351968X | ||
| 040 | _cPK-LaUMT | ||
| 082 |
_a 954.0317 _bIKR-E |
||
| 100 | _aIkram Chughatai, M.(اکرام چغتائی، ایم) | ||
| 245 |
_a1857 roznamchay, muaasir tehrerain, yaddashtain (Urdu)(1857 روزنامچہ، معاصیر تحریریں، یادداشتیں ) _cIkram Chughatai, M.(اکرام چغتائی، ایم ) |
||
| 260 |
_aLahore,Pakistan:(لاہور، پاکستان ) _bSang-e-Meel Publications,(سنگ میل پبلیکیشنز) _c2007 |
||
| 300 | _a928 p. | ||
| 546 | _aUR | ||
| 650 | _aHisotry-Indian mutiny (1857) | ||
| 942 |
_cBK _2ddc |
||
| 999 |
_c47909 _d47909 |
||